000 00936nam a22002177a 4500
999 _c6055
_d6055
005 20260130100748.0
008 260130b ||||| |||| 00| 0 eng d
020 _a9780008581404
040 _cKH8
082 _a823.92 WAL
100 _aWALLIAMS,DAVID
_eAUTHOR
245 _aGANGSTA GRANNY STRIKES AGAIN
260 _aMACKEN HOUSE,39/40 Mayor Street Upper,Dublin 1,D01 C9W8,Ireland
_bHarperCollinsPublishers
_c2021
300 _a355 pages
_bb illustration
_c13cm x 20cm
520 _aBen is getting used to life without his beloved granny. She was a cabbage enthusiast, a Scrabble partner and an international jewel thief known as The Black Cat. Now, only the memory of their extraordinary adventure to steal the Crown Jewels lives on. Then something inexplicable happens.-Library Thing-
650 _aJuvenile Fiction
_vFamily
655 _aHumour
655 _aAdventure
700 _aRoss,Tony
_eIllustrator
942 _2ddc
_cFIC